[Event "2022 Standard Chess Dropout Tournament, Round 2"]
[Site "SchemingMind.com"]
[Date "2022.06.24"]
[Round "2"]
[White "Ulrich Klapp"]
[Black "Gaëtan Emond"]
[Result "1-0"]
[WhiteCountry "GER"]
[BlackCountry "CAN"]
[WhiteElo "1767"]
[WhiteRD "103"]
[BlackElo "1634"]
[BlackRD "92"]
[GameID "724636"]

1. d4 d5 2. c4 dxc4 3. Nc3 Nc6 4. d5 Ne5 5. f4 Ng4 6. Nf3 N8f6 7. h3 Nh6 8. e4 e6 9. Bxc4 exd5 10. Nxd5 Bc5
11. Nxf6+ Qxf6 12. g3 O-O 13. Qc2 Bb6 14. Bd2 Bd7 15. O-O-O Rac8 16. Bc3 Qg6 17. Rxd7 Qxg3 18. Ne5 Qxf4+ 19. Kd1 Rcd8 20. Qd3 c6
21. Rf1 Qg5 22. Bd4 Bxd4 23. Qxd4 Rxd7 24. Nxd7 Re8 25. Rg1
1-0

[Event "2022 Standard Chess Dropout Tournament, Round 2"]
[Site "SchemingMind.com"]
[Date "2022.06.24"]
[Round "2"]
[White "John C. Walton"]
[Black "MichaelChess"]
[Result "1-0"]
[WhiteCountry "USA"]
[BlackCountry "CUB"]
[WhiteElo "2601"]
[WhiteRD "102"]
[BlackElo "2467"]
[BlackRD "100"]
[GameID "724637"]

1. Nf3 Nf6 2. c4 c5 3. g3 Nc6 4. Nc3 e6 5. Bg2 d5 6. cxd5 exd5 7. d4 cxd4 8. Nxd4 Bc5 9. Nb3 Bb6 10. O-O d4
11. Na4 O-O 12. Bg5 Re8 13. Re1 h6 14. Nxb6 axb6 15. Bxc6 bxc6 16. Bxf6 Qxf6 17. Qxd4 Qd8 18. Qc3 c5 19. Rad1 Qc7 20. Nc1 Ba6
21. f3 Rad8 22. Kf2 Qe7 23. Qa3 Ra8 24. Qb3 Rab8 25. Rd5 c4 26. Qc3 b5 27. a3 b4 28. axb4 Qxb4 29. Qxb4 Rxb4 30. Rd6 Re6
31. Rxe6 fxe6 32. Na2 Rxb2 33. Ra1 Bb7 34. Nc3 Rb3 35. Nd1 Kf7 36. Ra4 Bd5 37. e4 c3 38. Ra2 Bc6 39. Rc2 Ba4 40. Nxc3 Be8
41. Nd1 g5 42. Rb2 Rxb2+ 43. Nxb2 e5 44. Ke3 h5 45. h4 gxh4 46. gxh4 Kf6 47. Nd3 Ke6 48. f4 exf4+ 49. Nxf4+ Kf6 50. Nd5+ Ke5
51. Nb4 Bf7 52. Nd3+ Kf6 53. Kf4 Be6 54. Ne5 Bh3 55. Nf3 Bg4 56. Nd4 Bh3 57. e5+ Kg6 58. Nb5 Kf7 59. Ke4 Bg2+ 60. Kf5 Bh3+
61. Kf4 Ke6 62. Nc7+ Kf7 63. Nd5 Bc8 64. Nf6 Kg6 65. Ne4 Bd7 66. Nd6
1-0

[Event "2022 Standard Chess Dropout Tournament, Round 2"]
[Site "SchemingMind.com"]
[Date "2022.06.21"]
[Round "2"]
[White "wight knight"]
[Black "Billy Campbell"]
[Result "1-0"]
[WhiteCountry "ENG"]
[BlackCountry "NIR"]
[WhiteElo "1257"]
[WhiteRD "69"]
[BlackElo "1439"]
[BlackRD "105"]
[GameID "724638"]

1. e4 c5 2. Bc4 e6 3. d3 Nc6 4. c3 d5 5. exd5 exd5 6. Bb5 Bd6 7. Bxc6+ bxc6 8. g3 Nf6 9. f3 h5 10. Bg5 Be7
11. Bxf6 Bxf6 12. Qa4 Bd7 13. Ne2 O-O 14. Nd2 h4 15. gxh4 Bxh4+ 16. Kd1 Re8 17. Nf4 c4 18. dxc4 c5 19. Qc2 Re1+ 20. Rxe1 Bxe1
21. Kxe1 Qh4+ 22. Ke2 Qxf4 23. Rh1 Bh3 24. cxd5 Qe5+ 25. Kd1 Qxd5 26. Qe4 Qxe4 27. fxe4
1-0

[Event "2022 Standard Chess Dropout Tournament, Round 2"]
[Site "SchemingMind.com"]
[Date "2022.06.19"]
[Round "2"]
[White "witkatz"]
[Black "Abstract Actuary"]
[Result "1-0"]
[WhiteCountry "GER"]
[BlackCountry "USA"]
[WhiteElo "1835"]
[WhiteRD "71"]
[BlackElo "1857"]
[BlackRD "81"]
[GameID "724639"]

1. d4 e6 2. g3 d5 3. Nf3 c5 4. Bg2 Nc6 5. O-O Qb6 6. dxc5 Bxc5 7. e3 a5 8. b3 Nf6 9. Ba3 Bd7 10. Bxc5 Qxc5
11. Nbd2 O-O 12. c4 Rac8 13. cxd5 Nxd5 14. Rc1 Qe7 15. Nc4 Rc7 16. e4 Ndb4 17. Nxa5 Nxa2 18. Nxc6 Bxc6 19. Rc2 Nb4 20. Rc4 Rfc8
21. Ne5 Bb5 22. Rxc7 Rxc7 23. Nc4 Bxc4 24. bxc4 Rxc4 25. Qb3 Rc7 26. Rb1 Nc2 27. e5 Nd4 28. Qb4 Qxb4 29. Rxb4 Nc6 30. Bxc6 bxc6
31. Rb8+ Rc8 32. Rxc8#
1-0

[Event "2022 Standard Chess Dropout Tournament, Round 2"]
[Site "SchemingMind.com"]
[Date "2022.06.20"]
[Round "2"]
[White "zygyzag"]
[Black "The Chess Machine"]
[Result "1/2-1/2"]
[WhiteCountry "ENG"]
[BlackCountry "ENG"]
[WhiteElo "2074"]
[WhiteRD "133"]
[BlackElo "2520"]
[BlackRD "79"]
[GameID "724640"]

1. d4 Nf6 2. c4 g6 3. f3 Nc6 4. d5 Ne5 5. e4 d6 6. Nc3 Bg7 7. f4 Ned7 8. Nf3 O-O 9. Bd3 c6 10. O-O cxd5
11. cxd5 b5 12. h3 Nc5 13. a3 e6 14. Be3 Nxd3 15. Qxd3 exd5 16. Nxd5 Bb7 17. f5 Re8 18. Ng5 Rc8 19. fxg6 hxg6 20. Nxf6+ Bxf6
21. Qb3 Rc7 22. Rac1 Bxg5 23. Bxg5 Qd7 24. Rcd1 Rxe4 25. Rf2 Qe6 26. Qg3 Re1+ 27. Rxe1 Qxe1+ 28. Kh2 Qe5 29. Qxe5 dxe5 30. Bf6 Be4
31. Re2 Rc4 32. Bxe5 f5 33. Bc3 Kf7 34. Rd2 Ke7 35. Kg3 a6=
1/2-1/2

[Event "2022 Standard Chess Dropout Tournament, Round 3"]
[Site "SchemingMind.com"]
[Date "2022.12.13"]
[Round "3"]
[White "Abstract Actuary"]
[Black "Joe P"]
[Result "1-0"]
[WhiteCountry "USA"]
[BlackCountry "AUS"]
[WhiteElo "1866"]
[WhiteRD "96"]
[BlackElo "1819"]
[BlackRD "96"]
[GameID "729201"]

1. e4 e5 2. Nf3 Nf6 3. d4 Nxe4 4. Bd3 Nf6 5. dxe5 Qe7 6. O-O Nd5 7. Bg5 Qb4 8. b3 h6 9. Bh4 Be7 10. c4 Nf4
11. Bc2 Nc6 12. a3 Qc5 13. Nbd2 d5 14. exd6 Qxd6 15. Re1 O-O 16. Bxe7 Nxe7 17. Nf1 Qxd1 18. Raxd1 Be6 19. Nd4 c6 20. g3 Nh3+
21. Kg2 Ng5 22. f4 Bh3+ 23. Kf2 Ne6 24. Ne3 c5 25. Nf3 g6 26. Ng1 Bf5 27. Nxf5 Nxf5 28. Bxf5 gxf5 29. Rd5 Rfd8 30. Rxf5 Rd3
31. Re3 Rxe3 32. Kxe3 Nd4 33. Rxc5 b6 34. Rc7 Nxb3 35. Nf3 Nc5 36. Ne5 Re8 37. Kf3 f6 38. Ng4
1-0

[Event "2022 Standard Chess Dropout Tournament, Round 3"]
[Site "SchemingMind.com"]
[Date "2022.12.14"]
[Round "3"]
[White "Andrew Burruss"]
[Black "spoke"]
[Result "0-1"]
[WhiteCountry "USA"]
[BlackCountry "GER"]
[WhiteElo "1401"]
[WhiteRD "132"]
[BlackElo "1762"]
[BlackRD "67"]
[GameID "729202"]

1. e4 e5 2. Nf3 Nc6 3. Bb5 Bb4 4. O-O Nge7 5. a3 Ba5 6. d4 exd4 7. Nxd4 Nxd4 8. Qxd4 O-O 9. b4 Bb6 10. Qc3 c6
11. Bb2 f6 12. Bc4+ Kh8 13. Qd3 d5 14. exd5 Nxd5 15. Nc3 Nxc3 16. Qxd8 Ne2+ 17. Bxe2 Rxd8 18. Rad1 Bf5 19. c3 Bc2 20. Rxd8+ Rxd8
21. Re1 h6 22. h4 a6 23. Rc1 Rd2 24. Re1 Bd3 25. Bc1 Rxe2 26. Rxe2 Bxe2 27. Be3 Bxe3 28. fxe3 g5 29. Kf2 Bc4 30. hxg5 fxg5
31. e4 Kg7 32. Ke3 Kf6 33. Kd4 Bf1 34. g4 b6 35. c4 Ke6 36. c5 b5 37. Kc3 Ke5
0-1

[Event "2022 Standard Chess Dropout Tournament, Round 3"]
[Site "SchemingMind.com"]
[Date "2022.12.13"]
[Round "3"]
[White "Andreas Flato"]
[Black "superlychee"]
[Result "0-1"]
[WhiteCountry "GER"]
[BlackCountry "GER"]
[WhiteElo "1872"]
[WhiteRD "120"]
[BlackElo "2105"]
[BlackRD "121"]
[GameID "729203"]

1. e4 e5 2. Nf3 Nf6 3. d3 Nc6 4. Be2 d5 5. exd5 Nxd5 6. O-O Bd6 7. Nc3 Nxc3 8. bxc3 O-O 9. h3 f5 10. Bg5 Qe8
11. Re1 Qg6 12. Qc1 f4 13. Kh2 h6 14. Bh4 Qh7 15. d4 e4 16. Bc4+ Kh8 17. Ne5 g5 18. Bg3 Nxe5 19. dxe5 Bxe5 20. Qa3 Bd6
21. Qa5 fxg3+ 22. fxg3 Qf5 23. Qxf5 Bxf5 24. Bd5 Rae8 25. Bxb7 e3 26. Bc6 Re7 27. Re2 h5 28. Rf1 h4 29. Rf3 hxg3+ 30. Kg1 Bf4
0-1

[Event "2022 Standard Chess Dropout Tournament, Round 3"]
[Site "SchemingMind.com"]
[Date "2022.12.13"]
[Round "3"]
[White "agoodhobby"]
[Black "lawyertheologian"]
[Result "0-1"]
[WhiteCountry "USA"]
[BlackCountry "USA"]
[WhiteElo "1493"]
[WhiteRD "71"]
[BlackElo "2023"]
[BlackRD "80"]
[GameID "729204"]

1. d4 f5 2. g3 g6 3. Bg2 Bg7 4. Nh3 Nf6 5. c4 O-O 6. Nc3 d6 7. d5 e5 8. dxe6 c6 9. Nf4 Na6 10. O-O Nc5
11. Qc2 Nxe6 12. Rd1 Qe7 13. Rb1 g5 14. Nxe6 Bxe6 15. b3 Nh5 16. Bf3 Bf7 17. e4 Bg6 18. exf5 Bxf5 19. Be4 Qe5 20. Bb2 Rad8
21. Bxf5 Qxf5 22. Qxf5 Rxf5 23. Ne4 d5 24. Bxg7 Nxg7 25. cxd5 cxd5 26. Nc3 d4 27. Rd2 Ne6 28. Rbd1 g4 29. Ne2 Rfd5 30. Kg2 Kf7
31. f3 gxf3+ 32. Kxf3 Kf6 33. Nc3 dxc3 34. Rxd5 Rxd5
0-1

[Event "2022 Standard Chess Dropout Tournament, Round 3"]
[Site "SchemingMind.com"]
[Date "2022.12.13"]
[Round "3"]
[White "Andoni Zabala"]
[Black "southpolarice"]
[Result "1/2-1/2"]
[WhiteCountry "INT"]
[BlackCountry "AUS"]
[WhiteElo "1775"]
[WhiteRD "88"]
[BlackElo "2026"]
[BlackRD "97"]
[GameID "729205"]

1. d4 Nf6 2. c4 e6 3. Nc3 Bb4 4. Qc2 c5 5. dxc5 O-O 6. Bg5 Na6 7. a3 Bxc3+ 8. Qxc3 Nxc5 9. Bxf6 Qxf6 10. Qxf6 gxf6
11. e3 a5 12. Nf3 b6 13. Be2 Bb7 14. O-O a4 15. Rad1 d5 16. cxd5 Bxd5 17. Nd4 Rfd8 18. Bb5 Rac8 19. f3 f5 20. g4 fxg4
21. fxg4 Be4 22. g5 Kg7 23. h4 Bg6 24. Be2 Rd5 25. Rfe1 Nb3 26. Bf3 Rdc5 27. Nxb3 axb3 28. Rd2 Rc2 29. Ree2 Rxd2 30. Rxd2 Rc2
31. Rf2 Rc4 32. Rh2 Kf8 33. Kf2 Bc2 34. Kg3 Ke7 35. Rd2 Bb1 36. Bb7 Rc2 37. Rf2 Kd6 38. Kf3 Ke5 39. Kg3 Rxf2=
1/2-1/2

[Event "2022 Standard Chess Dropout Tournament, Round 3"]
[Site "SchemingMind.com"]
[Date "2022.12.13"]
[Round "3"]
[White "Ricardo Martinez Puigros"]
[Black "zygyzag"]
[Result "1-0"]
[WhiteCountry "ESP"]
[BlackCountry "ENG"]
[WhiteElo "2542"]
[WhiteRD "102"]
[BlackElo "2072"]
[BlackRD "115"]
[GameID "729206"]

1. d4 d5 2. c4 c6 3. Nf3 Nf6 4. e3 Bf5 5. Nc3 e6 6. Nh4 Be4 7. f3 Bg6 8. Qb3 Qc7 9. Bd2 a6 10. Rc1 dxc4
11. Bxc4 c5 12. dxc5 Bxc5 13. Bxe6 O-O 14. Na4 b6 15. Nxc5 bxc5 16. Bc4 Re8 17. O-O Nc6 18. Rfd1 Ne5 19. Be2 Rad8 20. Bc3 Bd3
21. Bxe5 Qxe5 22. Rxd3 Rb8 23. Qc3 Rxb2 24. Qxe5 Rxe5 25. Rxc5 Re8 26. Bd1 Rxa2 27. Nf5 g6 28. Bb3 Ra1+ 29. Kf2 Rb8 30. Rc6 Ne8
31. Nd6 Nxd6 32. Rcxd6 Kg7 33. Rd7 Rf8 34. Ra7 Rb1 35. Rxa6 Rb2+ 36. Kg3 h5 37. Bxf7 Rxf7 38. Rdd6
1-0

[Event "2022 Standard Chess Dropout Tournament, Round 3"]
[Site "SchemingMind.com"]
[Date "2022.12.13"]
[Round "3"]
[White "Mike Winslow"]
[Black "William Lindberg"]
[Result "0-1"]
[WhiteCountry "USA"]
[BlackCountry "USA"]
[WhiteElo "1943"]
[WhiteRD "100"]
[BlackElo "2432"]
[BlackRD "68"]
[GameID "729209"]

1. d4 Nf6 2. c4 e6 3. Nf3 d5 4. g3 Bb4+ 5. Bd2 Be7 6. Bg2 O-O 7. O-O Nbd7 8. Qc2 h6 9. cxd5 exd5 10. Nc3 a5
11. Ne5 c6 12. Rac1 Nxe5 13. dxe5 Ng4 14. e4 d4 15. Na4 b5 16. Nc5 Nxe5 17. Nd3 Nxd3 18. Qxd3 c5 19. b3 a4 20. e5 Ra7
21. Bc6 b4 22. f4 Ba6 23. Bb5 Bb7 24. Bc4 axb3 25. axb3 Qc8 26. Rf2 Qc6 27. Kf1 Ra2 28. f5 Qh1+
0-1

[Event "2022 Standard Chess Dropout Tournament, Round 3"]
[Site "SchemingMind.com"]
[Date "2022.12.13"]
[Round "3"]
[White "Robert Bruce"]
[Black "Rommel85"]
[Result "0-1"]
[WhiteCountry "SCO"]
[BlackCountry "CUB"]
[WhiteElo "2314"]
[WhiteRD "69"]
[BlackElo "2495"]
[BlackRD "83"]
[GameID "729210"]

1. e4 e5 2. f4 exf4 3. Nf3 g5 4. Nc3 Nc6 5. g3 d6 6. d4 Bg7 7. Bb5 a6 8. Bxc6+ bxc6 9. O-O Bh3 10. Rf2 fxg3
11. hxg3 h6 12. Nh2 Be6 13. d5 cxd5 14. Nxd5 c6 15. Qf3 h5 16. Qe2 Be5 17. Ne3 Bxg3 18. Rg2 h4 19. Nf5 Bxf5 20. exf5+ Kd7
21. Ng4 Nh6 22. Nxh6 Rxh6 23. Qd3 Rh8 24. Qb3 d5 25. Be3 Rb8 26. Qa3 Qe7 27. Qxe7+ Kxe7 28. Bxg5+ f6 29. Be3 Be5 30. c3 Rhg8
31. Bc5+ Kf7 32. Rxg8 Rxg8+ 33. Kh1 Rg3 34. Rf1 Rh3+ 35. Kg1 Rg3+ 36. Kh1 Rh3+ 37. Kg1 Rd3 38. Kh1 h3 39. a3 Rd2 40. b4 Ra2
41. Re1 Rxa3 42. Bd4 Bd6 43. Rc1 a5 44. bxa5 Rxa5 45. Bg1 Ra2 46. c4 dxc4 47. Rxc4 h2 48. Bxh2 Rxh2+ 49. Kg1 c5
0-1

[Event "2022 Standard Chess Dropout Tournament, Round 3"]
[Site "SchemingMind.com"]
[Date "2022.12.13"]
[Round "3"]
[White "Carlos Vila Hernández"]
[Black "eliecercruzr"]
[Result "1-0"]
[WhiteCountry "CUB"]
[BlackCountry "CUB"]
[WhiteElo "2555"]
[WhiteRD "88"]
[BlackElo "2229"]
[BlackRD "87"]
[GameID "729211"]

1. e4 e5 2. Nf3 Nc6 3. Bc4 Nf6 4. Ng5 d5 5. exd5 Na5 6. Bb5+ c6 7. dxc6 bxc6 8. Bd3 Nd5 9. Nf3 Bd6 10. O-O O-O
11. Re1 Re8 12. Nc3 f5 13. Bf1 e4 14. Nxd5 cxd5 15. Nd4 Qf6 16. c3 Bd7 17. d3 Nc6 18. Qb3 Qf7 19. Nxc6 Bxc6 20. dxe4 Rab8
21. Qd1 fxe4 22. Rb1 Be5 23. Be3 Re7 24. Bd4 Bd6 25. b4 Rf8 26. a4 Bd7 27. a5 Bf5 28. b5 Rd7 29. a6 Be6 30. b6 axb6
31. Rxb6 Bb8 32. Qd2 Bf4 33. Qb2 Bc7 34. Rb7 h5 35. g3 h4 36. a7
1-0

[Event "2022 Standard Chess Dropout Tournament, Round 3"]
[Site "SchemingMind.com"]
[Date "2022.12.15"]
[Round "3"]
[White "carra1971"]
[Black "FcoRego"]
[Result "1-0"]
[WhiteCountry "CUB"]
[BlackCountry "ESP"]
[WhiteElo "2471"]
[WhiteRD "99"]
[BlackElo "2031"]
[BlackRD "88"]
[GameID "729212"]

1. e4 c5 2. Nf3 Nc6 3. Bb5 d6 4. O-O Bd7 5. Re1 Nf6 6. c3 a6 7. Bf1 Bg4 8. d4 cxd4 9. cxd4 d5 10. e5 Nd7
11. e6 Bxe6 12. Nc3 Bg4 13. Nxd5 e6 14. Bf4 Rc8 15. h3 Bxf3 16. Qxf3 Bb4 17. Nxb4 Nxb4 18. Qxb7 Nb6 19. Rec1 Rxc1 20. Rxc1 N4d5
21. Bc7 Qa8 22. Bxa6 Qxb7 23. Bxb7 Kd7 24. Bg3 f5 25. Be5 Rg8 26. a4
1-0

[Event "2022 Standard Chess Dropout Tournament, Round 3"]
[Site "SchemingMind.com"]
[Date "2022.12.14"]
[Round "3"]
[White "Chashird"]
[Black "Gaëtan Emond"]
[Result "1-0"]
[WhiteCountry "ENG"]
[BlackCountry "CAN"]
[WhiteElo "1410"]
[WhiteRD "119"]
[BlackElo "1658"]
[BlackRD "101"]
[GameID "729213"]

1. e4 e5 2. Nf3 Nc6 3. Nc3 Nf6 4. d4 exd4 5. Nxd4 Bb4 6. Nxc6 bxc6 7. Bd3 O-O 8. O-O d6 9. Bd2 Bg4 10. f3 Bc5+
11. Kh1 Bd7 12. f4 Ng4 13. Be1 Ne3 14. Qe2 Nxf1 15. Qxf1 Rb8 16. Qf3 Bb6 17. Bg3 Bd4 18. Ne2 Bxb2 19. Rg1 Ba3 20. f5 Bc5
21. Rf1 Qf6 22. h4 Rb2 23. Nf4 Rfb8 24. Kh2 Rxa2 25. Nh5 Qh6 26. Bf4 g5 27. Bxg5 Qf8 28. Nf6+ Kh8 29. Nxd7 Qe8 30. Bf6+ Kg8
31. Qg4#
1-0

[Event "2022 Standard Chess Dropout Tournament, Round 3"]
[Site "SchemingMind.com"]
[Date "2022.12.12"]
[Round "3"]
[White "Diadoco"]
[Black "Dom P"]
[Result "1-0"]
[WhiteCountry "MEX"]
[BlackCountry "ENG"]
[WhiteElo "2014"]
[WhiteRD "101"]
[BlackElo "1526"]
[BlackRD "89"]
[GameID "729214"]

1. e4 e5 2. Nf3 Nf6 3. Nxe5 Nxe4 4. Qe2 d6 5. Qxe4 dxe5 6. Qxe5+ Be6 7. Nc3 Nc6 8. Bb5 Bd6 9. Qxg7 Rf8 10. d4 Bd7
11. O-O Ne7 12. Bh6 Nf5 13. Rfe1+ Be7 14. Qxf8#
1-0

[Event "2022 Standard Chess Dropout Tournament, Round 3"]
[Site "SchemingMind.com"]
[Date "2022.12.13"]
[Round "3"]
[White "Dom P"]
[Black "wight knight"]
[Result "1-0"]
[WhiteCountry "ENG"]
[BlackCountry "ENG"]
[WhiteElo "1494"]
[WhiteRD "89"]
[BlackElo "1154"]
[BlackRD "54"]
[GameID "729215"]

1. e4 e5 2. Nf3 f6 3. d4 Bb4+ 4. c3 Bd6 5. Bc4 b6 6. Qb3 Qe7 7. Bxg8 Qf8 8. Bd5 c6 9. Bc4 b5 10. Be2 a5
11. a4 Ba6 12. axb5 cxb5 13. Rxa5 exd4 14. Nxd4 Nc6 15. Ra2 Nxd4 16. cxd4 Bb4+ 17. Nd2 Rc8 18. O-O g5 19. Rxa6 Bd6 20. Bxb5 Qf7
21. Qh3 Bf4 22. Ra7 Kf8 23. Rxd7 h5 24. Rxf7+ Kxf7 25. Qd7+
1-0

[Event "2022 Standard Chess Dropout Tournament, Round 3"]
[Site "SchemingMind.com"]
[Date "2022.12.12"]
[Round "3"]
[White "dpickin"]
[Black "Abstract Actuary"]
[Result "0-1"]
[WhiteCountry "ENG"]
[BlackCountry "USA"]
[WhiteElo "1481"]
[WhiteRD "65"]
[BlackElo "1912"]
[BlackRD "94"]
[GameID "729216"]

1. d4 e6 2. c4 Nf6 3. Nc3 Bb4 4. Bd2 O-O 5. Nf3 c5 6. a3 cxd4 7. Nxd4 Ba5 8. g3 Nc6 9. Nxc6 bxc6 10. Bg2 Rb8
11. b4 Bc7 12. O-O d5 13. c5 a5 14. bxa5 Bxa5 15. Qc2 Ba6 16. Rfe1 Qc7 17. Nxd5 cxd5 18. Bxd5 Nxd5 19. e4 Nf6 20. e5 Bxd2
21. Qxd2 Rfd8 22. Qc2 Nd5 23. Re4 Rdc8 24. Rh4 h6 25. Qa4 Be2 26. Qe4 Rb2 27. Re1 Nc3 28. Qf4 Qxc5 29. Kg2 Qxa3 30. Kh3 Nd5
0-1

[Event "2022 Standard Chess Dropout Tournament, Round 3"]
[Site "SchemingMind.com"]
[Date "2022.12.16"]
[Round "3"]
[White "echecs"]
[Black "edg"]
[Result "1-0"]
[WhiteCountry "ENG"]
[BlackCountry "USA"]
[WhiteElo "1839"]
[WhiteRD "96"]
[BlackElo "1765"]
[BlackRD "78"]
[GameID "729217"]

1. e4 c5 2. Nf3 Nc6 3. c3 a6 4. d4 cxd4 5. cxd4 e6 6. Be2 Nf6 7. Nc3 d6 8. O-O Be7 9. a3 O-O 10. b4 Qc7
11. Bb2 Bd7 12. Re1 b5 13. Rc1 Qb7 14. d5 exd5 15. exd5 Ne5 16. Nxe5 dxe5 17. d6 Bd8 18. Bf3 Bc6 19. Bxc6 Qxc6 20. Rxe5 Qb7
21. Nd5 Nxd5 22. Rxd5 Qd7 23. Be5 f6 24. Bd4 Re8 25. g3 Re6 26. Bc5 a5 27. Rc2 axb4 28. Bxb4 g6 29. Qf3 Ra6 30. Qb3 Rb6
31. Rcd2 Kg7 32. Qd3 Re1+ 33. Kg2 Rc1 34. Rc2 Rxc2 35. Qxc2 Qb7 36. Qd3 Qd7 37. Ba5 Rb8 38. Bc7 Rb7 39. Bxd8 Qxd8 40. Rxb5 Rxb5
41. Qxb5 Qxd6 42. a4 Qc7 43. a5 Qe7 44. Qc6
1-0

[Event "2022 Standard Chess Dropout Tournament, Round 3"]
[Site "SchemingMind.com"]
[Date "2022.12.14"]
[Round "3"]
[White "edg"]
[Black "Ninaner2"]
[Result "0-1"]
[WhiteCountry "USA"]
[BlackCountry "NED"]
[WhiteElo "1809"]
[WhiteRD "75"]
[BlackElo "2281"]
[BlackRD "96"]
[GameID "729218"]

1. Nf3 Nf6 2. d4 d5 3. Nc3 g6 4. Bf4 Bg7 5. Nb5 Na6 6. e3 c6 7. Nc3 Nc7 8. Bxc7 Qxc7 9. Qd2 Ne4 10. Qd3 O-O
11. Nxe4 dxe4 12. Qxe4 Bf5 13. Qh4 Bxc2 14. Nd2 Qb6 15. b3 Qa5 16. Bc4 b5 17. Be2 Bxb3 18. Qxe7 Qc3 19. axb3 Qxa1+ 20. Bd1 Rfe8
21. Qc5 Bxd4 22. Qxc6 Rac8 23. Qxb5 Bxe3 24. fxe3 Rxe3+ 25. Kf2 Qd4
0-1

[Event "2022 Standard Chess Dropout Tournament, Round 3"]
[Site "SchemingMind.com"]
[Date "2022.12.15"]
[Round "3"]
[White "FcoRego"]
[Black "Robert Bruce"]
[Result "0-1"]
[WhiteCountry "ESP"]
[BlackCountry "SCO"]
[WhiteElo "2031"]
[WhiteRD "88"]
[BlackElo "2322"]
[BlackRD "69"]
[GameID "729219"]

1. c4 c5 2. g3 Nc6 3. Bg2 g6 4. Nc3 Bg7 5. e4 d6 6. d3 e6 7. Nge2 Nge7 8. O-O O-O 9. Be3 Nd4 10. f4 Nec6
11. Rb1 Bd7 12. Bf2 Qc7 13. a3 Nxe2+ 14. Nxe2 a5 15. b3 a4 16. Qc2 axb3 17. Qxb3 Rfb8 18. Nc3 Nd4 19. Bxd4 Bxd4+ 20. Kh1 Qa5
21. Nb5 Bxb5 22. Qxb5 Qxb5 23. Rxb5 Rxa3 24. Rd1 b6 25. Bf1 Ra2 26. Rdb1 Rf2 27. Bg2 Ra8
0-1

[Event "2022 Standard Chess Dropout Tournament, Round 3"]
[Site "SchemingMind.com"]
[Date "2022.12.13"]
[Round "3"]
[White "Gaëtan Emond"]
[Black "Michael Christensen"]
[Result "0-1"]
[WhiteCountry "CAN"]
[BlackCountry "GER"]
[WhiteElo "1616"]
[WhiteRD "100"]
[BlackElo "1870"]
[BlackRD "79"]
[GameID "729221"]

1. d4 g6 2. e4 Bg7 3. Nf3 d6 4. Bc4 a6 5. O-O b5 6. Bb3 Bb7 7. d5 Nd7 8. Nc3 Ngf6 9. Bg5 h6 10. Re1 hxg5
11. Nxg5 Nc5 12. e5 dxe5 13. d6 Nxb3 14. axb3 exd6 15. f4 Nd7 16. Qg4 Qe7 17. fxe5 dxe5 18. Rad1 O-O-O 19. Nd5 Bxd5 20. Rxd5 Kb8
21. Ra1 Ka7 22. Rxb5 e4 23. Qe2 Bd4+ 24. Kh1 Qd6 25. h3 Qf6 26. Nxf7 Bxb2 27. Rb7+ Kxb7 28. Nxd8+ Rxd8 29. Ra2 Be5 30. Qxe4+ Kc8
0-1

[Event "2022 Standard Chess Dropout Tournament, Round 3"]
[Site "SchemingMind.com"]
[Date "2022.12.14"]
[Round "3"]
[White "George Dimitrov"]
[Black "Holty"]
[Result "1-0"]
[WhiteCountry "BUL"]
[BlackCountry "ENG"]
[WhiteElo "2499"]
[WhiteRD "131"]
[BlackElo "1772"]
[BlackRD "68"]
[GameID "729222"]

1. e4 g6 2. d4 Bg7 3. Nc3 d6 4. f4 Nd7 5. Nf3 a6 6. Bc4 e6 7. f5 b5 8. fxe6 bxc4 9. exf7+ Kxf7 10. Ng5+ Ke8
11. Ne6 Qe7 12. Nxc7+ Kd8 13. O-O Kxc7 14. Nd5+
1-0

[Event "2022 Standard Chess Dropout Tournament, Round 3"]
[Site "SchemingMind.com"]
[Date "2022.12.12"]
[Round "3"]
[White "Giraldo Menendez Rodriguez"]
[Black "agoodhobby"]
[Result "1-0"]
[WhiteCountry "CUB"]
[BlackCountry "USA"]
[WhiteElo "2556"]
[WhiteRD "78"]
[BlackElo "1493"]
[BlackRD "71"]
[GameID "729223"]

1. e4 e5 2. Nf3 Nc6 3. Bb5 a6 4. Ba4 b5 5. Bb3 Bc5 6. c3 Nf6 7. d4 Bb6 8. dxe5 Nxe4 9. Qd5 Qe7 10. Qxe4 Bb7
11. O-O O-O 12. Bg5 Qe8 13. Nbd2 Nd8 14. Qg4 Ne6 15. Bf6 Bxf3 16. Nxf3 g6 17. Qh4 h5 18. g4 Ng7 19. gxh5 Nxh5 20. Kh1 d6
21. Qxh5
1-0

[Event "2022 Standard Chess Dropout Tournament, Round 3"]
[Site "SchemingMind.com"]
[Date "2022.12.14"]
[Round "3"]
[White "Glenn O'Brien"]
[Black "Robert Hatfield"]
[Result "1-0"]
[WhiteCountry "AUS"]
[BlackCountry "USA"]
[WhiteElo "2044"]
[WhiteRD "86"]
[BlackElo "1821"]
[BlackRD "64"]
[GameID "729224"]

1. e4 e6 2. d4 d5 3. Nc3 Bb4 4. e5 c5 5. a3 Bxc3+ 6. bxc3 Qc7 7. Qg4 f5 8. Qg3 cxd4 9. cxd4 Nc6 10. Nf3 Qf7
11. h4 Qc7 12. Be2 Nce7 13. Qxg7 Qc3+ 14. Kd1 Qxa1 15. Qxh8 Bd7 16. Qxh7 Ba4 17. Qh5+ Kd7 18. Qg5 Rc8 19. Bd3 Nc6 20. Qe3 Qc3
21. Qd2 Nxd4 22. Nxd4
1-0

[Event "2022 Standard Chess Dropout Tournament, Round 3"]
[Site "SchemingMind.com"]
[Date "2022.12.17"]
[Round "3"]
[White "Helga1946"]
[Black "John C. Walton"]
[Result "1/2-1/2"]
[WhiteCountry "GER"]
[BlackCountry "USA"]
[WhiteElo "2452"]
[WhiteRD "72"]
[BlackElo "2578"]
[BlackRD "105"]
[GameID "729226"]

1. c4 e5 2. Nc3 Nf6 3. Nf3 Nc6 4. g3 d5 5. cxd5 Nxd5 6. Bg2 Bc5 7. O-O O-O 8. Nxd5 Qxd5 9. d3 h6 10. a3 a5
11. Qa4 Ra6 12. Rb1 Qe6 13. Bd2 Rd8 14. Rfd1 Qe7 15. e3 Bd7 16. Qc2 Bf5 17. Rbc1 Bb6 18. Bc3 a4 19. Qe2 Qe6 20. Rc2 Raa8
21. h3 Qd6 22. Rcd2 Ba5 23. Rc1 Be6 24. Kh2 g6 25. Qe1 Re8 26. Re2 Bd5 27. Bxa5 Nxa5 28. Qb4 Nb3 29. Rc3 Qxb4 30. axb4 c6
31. Nd2 Be6 32. Ne4 Kg7 33. b5 cxb5 34. Nd6 Red8 35. Nxb7 Rf8 36. Nc5 Rac8=
1/2-1/2

[Event "2022 Standard Chess Dropout Tournament, Round 3"]
[Site "SchemingMind.com"]
[Date "2022.12.14"]
[Round "3"]
[White "Holty"]
[Black "Jari Laine"]
[Result "0-1"]
[WhiteCountry "ENG"]
[BlackCountry "FIN"]
[WhiteElo "1751"]
[WhiteRD "65"]
[BlackElo "2555"]
[BlackRD "87"]
[GameID "729227"]

1. d4 d5 2. Bf4 Bf5 3. c3 e6 4. e3 Nf6 5. Nd2 c5 6. Ngf3 Nc6 7. Qb3 Qc8 8. Be2 c4 9. Qd1 h6 10. b4 b5
11. O-O Be7 12. a4 a6 13. Ne5 O-O 14. Nxc6 Qxc6 15. a5 Be4 16. Nxe4 Nxe4 17. Qc2 f5 18. f3 Nf6 19. Be5 Rad8 20. Rad1 Bd6
21. Kh1 h5 22. Bxd6 Qxd6 23. f4 h4 24. h3 Ne4 25. Kh2 Rf6 26. Bf3 Ng3 27. Rg1 g5 28. Qc1 Rg6 29. Qc2 gxf4 30. Rge1 fxe3
31. Rxe3 Nf1+
0-1